射雕英雄傳

資料類型: Book 圖書   書目號:44946

Leader xxxxxxxxxx
001 __ PCLIS000449646
005 __ 20220829134201.0
010 0_ |a957-32-2912-9|b套 : 平裝|dNT$1000
010 0_ |a957-32-2913-7|b第一冊 : 平裝|dNT$250
010 0_ |a957-32-2914-5|b第二冊 : 平裝|dNT$250
010 0_ |a957-32-2915-3|b第三冊 : 平裝|dNT$250
010 0_ |a957-32-2916-1|b第四冊 : 平裝|dNT$250
100 __ |a20121119g1996    m  y0chiy09      e
101 0_ |achi
102 __ |atw
105 __ |aaf  z   000ad
200 1_ |a射雕英雄傳|f金庸著
205 __ |a三版
210 __ |a臺北市|c遠流|d1996[民85]
215 0_ |a4冊(1623面)|c圖, 圖版|d21公分
225 2_ |a金庸作品集|v5-8
300 __ |a版權頁英文題名: The eagle-shooting heroes
300 __ |a著者本名查良鏞
410 _0 |12001 |a金庸作品集|v5-8
517 1_ |aThe eagle-shooting heroes|zeng
517 1_ |a射雕英雄傳|zchi
681 __ |a857.9|b864
681 __ |a857.9|b8640 2000 v2 c1
681 __ |a857.9|b8640 2000 v2
681 __ |a857.9|b8640 88 V.2
681 __ |a857.9|b8640 V1
681 __ |a857.9|b8000-13|y89
700 _0 |a金庸|f1924-2018|4801 _0 |atw|b內湖高中|c20121119|gCCR
801 _2 |atw|b內湖高中|c20220829|gCCR
詳細館藏 1-4 筆 (共 4 筆)
索 書 號登 錄 號冊次號館別 / 館藏地流通類型狀態加入預約清單電子資源
857.9 / 864 1020027 V1 圖書館 / 一樓普通區 可外借30天 在館   
857.9 / 864 2016522 V4 圖書館 / 一樓普通區 可外借30天 在館   
857.9 / 864 2020052 v2 圖書館 / 一樓普通區 可外借30天 在館   
857.9 / 864 2020053 v2 圖書館 / 一樓普通區 可外借30天 在館   

| 條列資料




目錄查詢 分類查詢 個人資料 圖書薦購 新書查詢 閉館日 排行榜 更多電子資源 Hami書城 線上資料庫 登出

From : 216.73.216.116

  本日流通累計至 16:33:25 借閱 : 6 次 續借 : 0 次 歸還 : 8 次 預約 : 0 次 電子資源 : 0 次


內湖高中圖書館  PCLIS 版本  25.5.0.2